| 000 | 00000nam 2200000za 4500 |
| 001 | 9.852514 |
| 003 | CaOODSP |
| 005 | 20221107154613 |
| 007 | cr ||||||||||| |
| 008 | 180227s1990 onc #o f000 0 eng d |
| 040 | |aCaOODSP|beng |
| 043 | |an-cn--- |
| 086 | 1 |aR32-445/1990E-PDF |
| 245 | 00|aIndian bands and treaties 1 to 11 |h[electronic resource]. |
| 260 | |aOttawa : |bTreaties and Historical Research Centre, |c1990. |
| 300 | |a[25] p. |
| 500 | |a"April 1990." |
| 500 | |aTitle from cover. |
| 500 | |aDigitized edition from print [produced by Indigenous and Northern Affairs Canada]. |
| 520 | |aA list of Indian bands and reserves with some comments as related to treaties 1 to 11. |
| 692 | 07|2gccst|aAboriginal peoples |
| 692 | 07|2gccst|aAboriginal reserves |
| 692 | 07|2gccst|aAgreements |
| 710 | 2 |aTreaties and Historical Research Centre (Canada) |
| 710 | 1 |aCanada. |bIndian and Northern Affairs Canada. |
| 856 | 40|qPDF|s1.12 MB|uhttps://publications.gc.ca/collections/collection_2018/aanc-inac/R32-445-1990-eng.pdf |